Les Simpson - S11E05 : Une récolte d'enfer - Statistiques

Statistiques générales
  • Ce quiz a été pris 19 fois
  • Le résultat moyen est 5 sur 10
Statistiques - réponses
Question Réponse % Correct
Que n'achète pas Homer à l'épicerie ? des graines de pastèque
100%
Quel engrais Homer utilise-t-il pour faire pousser son champ ? du plutonium
100%
Quel est le grade de l'homme qu'Homer provoque en duel au mini-marché ? un colonnel
100%
Quel ancien président américain croisent-ils au cours de leur fuite ? Jimmy Carter
50%
Qui repère la première pousse du champ ? Lisa
50%
Quel animal de la ferme a fait chuter l'hélicoptère de la société qui a volé le plant de tomacco ? un mouton
50%
Quel film de héros les Simpson vont-ils voir au cinéma ? Zorro
50%
Quelle est l'offre de la société de tabac pour acheter la recette du Tomacco ? 150 millions de dollars
0%
Que propose Marge à la vente à côté du stand de Tomacco d'Homer ? une tourte au foie de volaille
0%
Quel animal sauvage vit dans les hautes herbes de leur vieille maison de ferme ? un serpent
0%
Aucun quiz correspondant
Distribution des résultats
% des personnes avec chaque résultat
Percentile par nombre de réponses
Votre historique - résultats
Vous n’avez pas pris ce quiz